| 000 | 00420 a2200157 4500 | ||
|---|---|---|---|
| 999 |
_c2080 _d2080 |
||
| 020 | _a9788125937142 | ||
| 050 | _aHG4026.PAN 2010 | ||
| 100 | _aI M Pandey | ||
| 245 |
_aFinancial management/ _cI M Pandey |
||
| 250 | _a10th ed | ||
| 264 |
_aNew Delhi: _bVikas publishing house., _c2010 |
||
| 300 | _aix., 869pgs | ||
| 500 | _alncludes index | ||
| 650 | _aFinancial management | ||
| 942 |
_2lcc _cBK _e10th ed _h4026 _iPAN _kHG |
||